00535 2200169 4500001002100000005001500021035002000036007000300056008004100059020002200100082001400122084002000136100004800156245008500204260003400289300004200323INLIS00000000000033820240206075240 a0010-0224000012ta240206 b 0 ind  a978-602-344-009-2 a633.2.033 a633.2.033 BAD k0 aBadan Penelitian dan Pengembangan Pertanian1 aKeluarga Mumu :bSi Sapi Pedaging /cBadan Penelitian dan Pengembangan Pertanian aJakarta :bIAARD Press,c2014 aiv, 44 hlm, :bilus, ;c17 cm x 24 cm